000 01242cam a22002891i 4500
003 SA-RiAUC
005 20250911122634.0
008 250910s1999 ku g 00010cara c
040 _aSA-JeALM
_bara
_cSA-RiAUC
_erda
043 _aa-ku---
082 0 4 _a920.0538
_qSA-RiAUC
090 _a920.0538
_bر و م
100 1 _aالرومي، عدنان بن سالم بن محمد
_eمؤلف.
245 1 0 _aعلماء الكويت وأعلامها خلال ثلاث قرون /
_bجمع وإعداد عدنان بن سالم محمد الرومي ؛ تقديم عبد الله يوسف الغنيم.
250 _aالطبعة الأولى.
264 1 _aالكويت :
_bمكتبة المنار الإسلامية،
_c1999
300 _a786 صفحة ؛
_c24 سم.
336 _aنص
_btxt
_2rdacontent
_3كتاب
337 _aبدون وسيط
_bn
_2rdamedia
338 _aمجلد
_bnc
_2rdacarrier
490 0 _aسلسلة تاريخ ما أهمله التاريخ ؛
_v2
650 7 _aالعلماء الكويتيون
_vتراجم
_2aucsh
651 7 _aالكويت
_vتراجم
_2aucsh
700 1 _aالغنيم، عبد الله بن يوسف،
_d1947-
_eمقدم.
942 _2ddc
_cBOOK
_n0
949 _aSA-JeALM
_d250910
_uosman123
_n1
999 _c11625
_d11625